000 00301nam a2200109Ia 4500
008 201217s9999 xx 000 0 und d
100 _aParsons, David
245 0 _aEmployment and Manpower Surveys : A Practitioner's Guide
260 _aAldershot
_bGower Publishing Company
300 _a193
942 _cBK
999 _c6952
_d6952